000 004050000a22001570004500
003 LK-CoMWRAF
008 230817t ||||| |||| 00| 0 eng d
040 _aLK-CoMWRAF
_dLK-CoMWRAF
_eLK-CoMWRAF
041 _aeng
082 _a301
100 _aSomakandhan, Padma
245 _aEelaththu Manpuru Makalir
_b
260 _bKumaran Book House
_aSri Lanka (Colombo 12)
_c2003
300 _ap.188
942 _cBK
999 _c2072
_d2072